00777 2200325 4500001002100000005001500021035002000036007000300056008004100059020001800100082001100118084001700129100001800146245005200164250001100216260003600227300003400263520002500297600002500322990001000347990001000357990001000367990001000377990001000387990001000397990001200407990001000419990001000429990001200439INLIS00000000000397520190821080224 a0010-0819000118ta190821 g 0 ind  a979-421-086-2 a370.21 a370.21 SUD p0 aSUDIJONO,Anas1 aPengantar Statistik Pendidikan /canas Sudijono acet.22 aJakarta :bRajawali Pers,c2010 axxii; 406 hlm ;c13,5 x 21 cm aBIBLIOGRAFI: hlm 395 4aPENDIDIKAN STATISTIK a13075 a3270a a13075 a3270a a13075 a3270a a13075 a a13075 a3270a a13075 a